Линия аллигатора. Плата Харону: роман, повесть

التفاصيل البيبلوغرافية
المؤلف الرئيسي: Абдуллаев Ч. А. Чингиз Акифович
الملخص:При загадочных обстоятельствах гибнет в Москве молодая американка. И не просто туристка, а дочь одного из крупнейших политиков США. Девушка была пьяна? Возможно, но... Случившееся — результат обычной автокатастрофы? Может быть, но... Но — почему так неубедительно выглядят объяснения российской стороны?.. Но — почему столь явно не сходятся концы с концами в акте экспертизы?.. Гениальный агент Дронго, которого отец жертвы попросил провести неофициальное расследование этого дела, начинает задавать вопросы. Вопросы, то ли ускользнувшие от внимания следователей, то ли не замеченные ими СОЗНАТЕЛЬНО...
اللغة:الروسية
منشور في: Москва, АСТ, 2002
سلاسل:Черный квадрат
الموضوعات:
التنسيق: كتاب
KOHA link:https://koha.lib.tpu.ru/cgi-bin/koha/opac-detail.pl?biblionumber=105409

MARC

LEADER 00000nam0a2200000 4500
001 105409
005 20231031114413.0
010 |a 5170121687 
035 |a (RuTPU)RU\TPU\book\113753 
035 |a RU\TPU\book\6953 
090 |a 105409 
100 |a 20061116d2002 m y0rusy50 ca 
101 0 |a rus 
102 |a RU 
105 |a y z 000ay 
200 1 |a Линия аллигатора. Плата Харону  |e роман, повесть  |f Ч. А. Абдуллаев 
210 |a Москва  |c АСТ  |d 2002 
215 |a 320 с. 
225 1 |a Черный квадрат 
330 |a При загадочных обстоятельствах гибнет в Москве молодая американка. И не просто туристка, а дочь одного из крупнейших политиков США. Девушка была пьяна? Возможно, но... Случившееся — результат обычной автокатастрофы? Может быть, но... Но — почему так неубедительно выглядят объяснения российской стороны?.. Но — почему столь явно не сходятся концы с концами в акте экспертизы?.. Гениальный агент Дронго, которого отец жертвы попросил провести неофициальное расследование этого дела, начинает задавать вопросы. Вопросы, то ли ускользнувшие от внимания следователей, то ли не замеченные ими СОЗНАТЕЛЬНО... 
610 1 |a романы 
610 1 |a повести 
610 1 |a мафия 
610 1 |a детективы 
675 |a Р2  |v 3 
700 1 |a Абдуллаев  |b Ч. А.  |g Чингиз Акифович 
801 0 |a RU  |b 63413507  |c 20011209  |g PSBO 
801 2 |a RU  |b 63413507  |c 20061219  |g PSBO 
942 |c BK